[Event "CYCC U14"]
[Site "Quebec CAN"]
[Date "2018.07.05"]
[Round "7.40"]
[White "Dong, Yiwei"]
[Black "Leblanc, Alexandre"]
[Result "1/2-1/2"]
[WhiteElo "1364"]
[BlackElo "1415"]
[PlyCount "61"]
[EventDate "2018.07.02"]
[EventType "swiss"]
[EventRounds "7"]
[EventCountry "CAN"]

1. d4 d5 2. Nf3 Nf6 3. Bf4 Bf5 4. e3 e6 5. c4 Bd6 6. Bg3 Nbd7 7. Qb3 Bxg3 8.
hxg3 Rb8 9. Nc3 a6 10. cxd5 exd5 11. Nxd5 Be6 12. Nxf6+ Nxf6 13. Qc2 h6 14. Bc4
Bxc4 15. Qxc4 Ne4 16. Qc2 Qe7 17. a3 Rd8 18. O-O O-O 19. Nd2 Nxd2 20. Qxd2 Rd6
21. Qb4 Qe4 22. Rac1 Rd7 23. Rc5 c6 24. Rfc1 Re8 25. Qc4 Rd6 26. Qc2 Qe6 27. b4
Qd7 28. Kh2 g6 29. a4 Kh7 30. Qc4 Rc8 31. a5 1/2-1/2

[Event "CYCC U14"]
[Site "Quebec CAN"]
[Date "2018.07.05"]
[Round "7.41"]
[White "Xiao, Edward"]
[Black "Laroche, Hugo"]
[Result "0-1"]
[WhiteElo "1524"]
[BlackElo "1415"]
[PlyCount "68"]
[EventDate "2018.07.02"]
[EventType "swiss"]
[EventRounds "7"]
[EventCountry "CAN"]

1. d4 d5 2. c4 c6 3. e3 Nf6 4. Nc3 Bf5 5. Nf3 e6 6. Bd3 Bg6 7. O-O Bd6 8. Re1
Ne4 9. Bxe4 dxe4 10. Nd2 f5 11. c5 Bc7 12. Qb3 Qc8 13. f3 exf3 14. Nxf3 O-O 15.
Nh4 Bf7 16. e4 Qd7 17. Qd1 Na6 18. exf5 exf5 19. Nf3 Rae8 20. Rxe8 Rxe8 21. a3
Bh5 22. Ne2 Nxc5 23. Bf4 Bxf3 24. gxf3 Bxf4 25. Nxf4 Ne6 26. Nxe6 Qxe6 27. Qa4
Qe3+ 28. Kg2 Qe2+ 29. Kg3 f4+ 30. Kg4 Qg2+ 31. Kh4 Qxh2+ 32. Kg4 Qg3+ 33. Kh5
g6+ 34. Kh6 Qh4# 0-1

[Event "CYCC U14"]
[Site "Quebec CAN"]
[Date "2018.07.05"]
[Round "7.42"]
[White "Chakkoli, Anirud"]
[Black "Celer-Matas, Simon"]
[Result "1/2-1/2"]
[WhiteElo "1422"]
[BlackElo "1223"]
[PlyCount "112"]
[EventDate "2018.07.02"]
[EventType "swiss"]
[EventRounds "7"]
[EventCountry "CAN"]

1. e4 e6 2. d4 d5 3. Nc3 dxe4 4. Nxe4 Nd7 5. Nf3 Ngf6 6. Nxf6+ Nxf6 7. Bd3 c5
8. Bg5 cxd4 9. Nxd4 Be7 10. c3 O-O 11. Qe2 h6 12. Bh4 Nd5 13. Bxe7 Qxe7 14.
O-O-O Nf4 15. Qe4 Nxd3+ 16. Rxd3 Qg5+ 17. f4 Qd5 18. Qxd5 exd5 19. f5 Re8 20.
g4 Bd7 21. h4 Re4 22. g5 hxg5 23. hxg5 Rae8 24. Kd2 f6 25. gxf6 gxf6 26. Rg3+
Kf8 27. Rh8+ Ke7 28. Rg7+ Kd8 29. Rhh7 R4e7 30. Rxe7 Rxe7 31. Rxe7 Kxe7 32. Ke3
Kd6 33. Kf4 a6 34. b4 b6 35. Ne2 a5 36. a3 a4 37. Ng3 Be8 38. Nf1 b5 39. Ne3
Bh5 40. Nc2 Be8 41. Ne1 Bd7 42. Nf3 Bc8 43. Kg4 Bd7 44. Kf4 Bc8 45. Nd4 Bd7 46.
Nc2 Bc8 47. Ne1 Bd7 48. Nd3 Bc8 49. Nc5 Kc6 50. Ne6 Bxe6 51. fxe6 Kd6 52. Kf5
Ke7 53. Kf4 Kxe6 54. Ke3 Ke5 55. Kf3 f5 56. Ke3 Kd6 1/2-1/2

[Event "CYCC U14"]
[Site "Quebec CAN"]
[Date "2018.07.05"]
[Round "7.43"]
[White "Stopic, Alexander"]
[Black "Arcand, Louis"]
[Result "1-0"]
[WhiteElo "1662"]
[BlackElo "1267"]
[PlyCount "47"]
[EventDate "2018.07.02"]
[EventType "swiss"]
[EventRounds "7"]
[EventCountry "CAN"]

1. c4 Nf6 2. g3 g6 3. Bg2 Bg7 4. Nc3 O-O 5. d3 c5 6. Nf3 Nc6 7. O-O b6 8. e4
Bb7 9. a3 e6 10. e5 Ng4 11. d4 cxd4 12. Nxd4 Bxe5 13. Nxc6 Nxf2 14. Kxf2 dxc6
15. Bh6 Qf6+ 16. Kg1 Rfd8 17. Rxf6 Rxd1+ 18. Rxd1 Bxf6 19. Rd7 Rb8 20. Bf4 e5
21. Bh6 a6 22. Ne4 Bh8 23. Nd6 Bc8 24. Rd8# 1-0

[Event "CYCC U14"]
[Site "Quebec CAN"]
[Date "2018.07.05"]
[Round "7.44"]
[White "Kochetkov, Maxim"]
[Black "Makarczyk, David"]
[Result "1/2-1/2"]
[WhiteElo "1181"]
[BlackElo "1582"]
[PlyCount "73"]
[EventDate "2018.07.02"]
[EventType "swiss"]
[EventRounds "7"]
[EventCountry "CAN"]

1. d4 Nf6 2. Bf4 g6 3. e3 Bg7 4. Nd2 O-O 5. c3 d5 6. Ngf3 Bf5 7. Be2 Nbd7 8.
Nh4 Be6 9. Nhf3 Rc8 10. h4 c5 11. Ng5 cxd4 12. exd4 Nb6 13. Nxe6 fxe6 14. Be5
Nbd7 15. f4 Qe8 16. Bf3 Nxe5 17. fxe5 Nh5 18. Bxh5 gxh5 19. Nf3 Qg6 20. Qe2 Bh6
21. Rh3 Rf4 22. Kf2 Re4 23. Qd3 Be3+ 24. Kf1 Bf4 25. Nd2 Bxd2 26. Qxd2 Rf8+ 27.
Rf3 Rxf3+ 28. gxf3 Rxh4 29. Qg2 Rf4 30. Kf2 Kf7 31. Rg1 a6 32. Ke3 Rf5 33. f4
h4 34. Qxg6+ hxg6 35. Kf3 Kg7 36. Kg4 h3 37. Rh1 1/2-1/2

[Event "CYCC U14"]
[Site "Quebec CAN"]
[Date "2018.07.05"]
[Round "7.45"]
[White "Grandmont, Mathias"]
[Black "Vijendra, Vinushan"]
[Result "1-0"]
[WhiteElo "1560"]
[BlackElo "1173"]
[PlyCount "125"]
[EventDate "2018.07.02"]
[EventType "swiss"]
[EventRounds "7"]
[EventCountry "CAN"]

1. Nf3 d5 2. d4 e6 3. c4 Ne7 4. Nc3 Nbc6 5. Bf4 Ng6 6. Bg3 Be7 7. e3 b6 8. cxd5
exd5 9. Bb5 Bb7 10. O-O a6 11. Bxc6+ Bxc6 12. Qb3 a5 13. a3 Bd6 14. Nb5 Bxg3
15. hxg3 Qe7 16. Rac1 a4 17. Qd3 Qd7 18. Nc3 O-O 19. Nd2 Bb7 20. Qc2 Rfc8 21.
Rfd1 c5 22. dxc5 bxc5 23. Nf3 d4 24. Qd2 Bxf3 25. gxf3 Rd8 26. Ne4 Ne5 27. Kg2
Rac8 28. Nxc5 Qd5 29. e4 Qc6 30. Nd3 Qf6 31. Nxe5 Rxc1 32. Rxc1 Qxe5 33. Qd3
Qb8 34. Rc2 Qb3 35. Qxd4 Rb8 36. Qc4 g6 37. Qxb3 axb3 38. Rc3 Kg7 39. f4 h5 40.
Kf3 Kf6 41. Ke3 Ke6 42. Kd4 Kd6 43. Kc4 Kc6 44. Rxb3 Re8 45. Re3 Re7 46. b4 Rb7
47. a4 Ra7 48. b5+ Kb6 49. Kb4 Ra8 50. Rd3 Kc7 51. Rd4 Kb6 52. Rd6+ Kc7 53. Rf6
Rf8 54. Kc5 Kb7 55. a5 Rc8+ 56. Rc6 Ra8 57. a6+ Kb8 58. Rb6+ Kc8 59. Rb7 Kd8
60. Rxf7 Rc8+ 61. Kd6 Ke8 62. Rh7 Rd8+ 63. Ke6 1-0

[Event "CYCC U14"]
[Site "Quebec CAN"]
[Date "2018.07.05"]
[Round "7.46"]
[White "Yoker, Callum"]
[Black "Petrovic, Milos"]
[Result "1-0"]
[WhiteElo "1160"]
[BlackElo "1291"]
[PlyCount "55"]
[EventDate "2018.07.02"]
[EventType "swiss"]
[EventRounds "7"]
[EventCountry "CAN"]

1. d4 Nf6 2. Bf4 e6 3. e3 d5 4. Bd3 c5 5. c3 Nc6 6. h3 Qb6 7. Qb3 c4 8. Qxb6
axb6 9. Bc2 Bd7 10. Nd2 Be7 11. Ngf3 O-O 12. O-O Ra5 13. a3 Rfa8 14. Rfe1 b5
15. Rab1 Ne8 16. e4 Bd6 17. Bxd6 Nxd6 18. e5 Ne8 19. Nh2 f6 20. f4 Nc7 21. Nhf3
Rf8 22. Rf1 Raa8 23. Nh2 Rf7 24. Rf2 Raf8 25. Rbf1 Ne8 26. Ng4 fxe5 27. fxe5
Ne7 28. Bxh7+ 1-0

[Event "CYCC U14"]
[Site "Quebec CAN"]
[Date "2018.07.05"]
[Round "7.47"]
[White "Zagas, Michael"]
[Black "Jiang, Shawn"]
[Result "0-1"]
[WhiteElo "1273"]
[BlackElo "1020"]
[PlyCount "72"]
[EventDate "2018.07.02"]
[EventType "swiss"]
[EventRounds "7"]
[EventCountry "CAN"]

1. e4 c5 2. Nf3 d6 3. h3 Nc6 4. Bc4 Nf6 5. Qe2 e6 6. a3 Be7 7. c3 d5 8. exd5
exd5 9. Bd3 O-O 10. Bc2 Re8 11. O-O Bd6 12. Qd1 Be6 13. d4 b6 14. Bg5 Be7 15.
Bxf6 Bxf6 16. dxc5 bxc5 17. Qd3 g6 18. Qe3 Bg4 19. Qxc5 Bxf3 20. Qxc6 Be4 21.
Re1 Bxc2 22. Rxe8+ Qxe8 23. Qxf6 Qe1+ 24. Kh2 Bxb1 25. f3 Qd1 26. Qa6 Qd3 27.
Qb7 Re8 28. Qxa7 Re2 29. Qb8+ Kg7 30. Qf4 Bc2 31. a4 Qa6 32. Qd4+ f6 33. a5
Qd6+ 34. Kg1 Qg3 35. Qg4 Rxg2+ 36. Kf1 Qf2# 0-1

[Event "CYCC U14"]
[Site "Quebec CAN"]
[Date "2018.07.05"]
[Round "7.48"]
[White "Greco, Justin"]
[Black "Lei, Yanyu"]
[Result "0-1"]
[WhiteElo "943"]
[BlackElo "1337"]
[PlyCount "80"]
[EventDate "2018.07.02"]
[EventType "swiss"]
[EventRounds "7"]
[EventCountry "CAN"]

1. e4 c5 2. Nf3 d6 3. Nc3 Nf6 4. Bc4 Bg4 5. d3 g6 6. e5 dxe5 7. Nxe5 Be6 8. Qf3
Bxc4 9. Nxc4 Nc6 10. Bg5 Nd4 11. Qd1 Bg7 12. O-O O-O 13. Be3 Nd5 14. Re1 Nxe3
15. Rxe3 Re8 16. Ne2 b6 17. c3 Nf5 18. Rh3 Qc7 19. Ng3 Nxg3 20. Rxg3 b5 21. Ne3
Rad8 22. Qe2 Qe5 23. Rd1 b4 24. c4 Qxb2 25. Qxb2 Bxb2 26. Nd5 e6 27. Nc7 Re7
28. Na6 Bd4 29. Re1 Rd6 30. Nxb4 cxb4 31. Re4 Red7 32. Rf3 Bb6 33. Rh4 Rxd3 34.
Rxd3 Rxd3 35. g3 Rd2 36. Rf4 Rxa2 37. Kg2 b3 38. Rf3 Rxf2+ 39. Rxf2 Bxf2 40.
Kxf2 b2 0-1

[Event "CYCC U14"]
[Site "Quebec CAN"]
[Date "2018.07.05"]
[Round "7.51"]
[White "Asemota, Eghosa"]
[Black "Zhu, Benjamin"]
[Result "1/2-1/2"]
[WhiteElo "823"]
[BlackElo "830"]
[PlyCount "104"]
[EventDate "2018.07.02"]
[EventType "swiss"]
[EventRounds "7"]
[EventCountry "CAN"]

1. e4 e5 2. Nf3 d6 3. Bc4 Be7 4. d3 Nf6 5. Nc3 O-O 6. O-O Bg4 7. Re1 Nbd7 8.
Be3 a6 9. d4 exd4 10. Bxd4 c5 11. Bxf6 Nxf6 12. Nd5 b5 13. Nxe7+ Qxe7 14. Bd5
Rad8 15. c4 Qa7 16. b3 Qb6 17. Qd3 Be6 18. Rab1 Rde8 19. Nd2 Re7 20. e5 dxe5
21. Rxe5 Rfe8 22. Bxe6 Rxe6 23. Rxe6 Rxe6 24. Nf3 Qc7 25. cxb5 axb5 26. Qxb5
Rb6 27. Qd3 Rd6 28. Qe3 Re6 29. Qd3 Re8 30. Rc1 Qa5 31. a4 Qb6 32. Qb5 Qxb5 33.
axb5 Nd7 34. g3 g6 35. b6 Rb8 36. Nd2 Rxb6 37. Kg2 Kg7 38. Kf3 Rd6 39. Ke2 Kf6
40. Ne4+ Ke5 41. Nxd6 Kxd6 42. Kd3 Ne5+ 43. Ke2 h5 44. h4 f6 45. f4 Nc6 46.
Rd1+ Ke6 47. Kf3 f5 48. Ra1 Nd4+ 49. Kf2 Nxb3 50. Ra6+ Kf7 51. Ke2 Nd4+ 52. Kf1
Ne6 1/2-1/2

[Event "CYCC U14"]
[Site "Quebec CAN"]
[Date "2018.07.05"]
[Round "7.52"]
[White "Wu, Sunny"]
[Black "Renard, Christopher"]
[Result "0-1"]
[WhiteElo "864"]
[BlackElo "1018"]
[PlyCount "94"]
[EventDate "2018.07.02"]
[EventType "swiss"]
[EventRounds "7"]
[EventCountry "CAN"]

1. b3 e5 2. Bb2 Nc6 3. e3 Bc5 4. Bb5 Qe7 5. Bxc6 bxc6 6. f4 d6 7. fxe5 dxe5 8.
Ne2 Nh6 9. Ng3 Bg4 10. Qc1 O-O 11. O-O f5 12. Qe1 f4 13. Ne4 Bb6 14. Kh1 Rf5
15. exf4 exf4 16. d4 f3 17. g3 Raf8 18. Nf2 Qd7 19. c3 Bh3 20. Nxh3 c5 21. Nf4
cxd4 22. Rxf3 g5 23. cxd4 gxf4 24. Qd2 Qd5 25. Qd3 Ng4 26. Kg1 fxg3 27. Rxg3
Rf1+ 28. Qxf1 Rxf1+ 29. Kxf1 Qf5+ 30. Kg2 Qf2+ 31. Kh3 Qxb2 32. Rxg4+ Kh8 33.
Nd2 Qxa1 34. Ne4 Bxd4 35. Ng5 Qf1+ 36. Rg2 Qf5+ 37. Rg4 h5 38. Nf7+ Kh7 39.
Ng5+ Kg6 40. Kg2 Qxg4+ 41. Kf1 Qf4+ 42. Ke2 Kxg5 43. h4+ Kg4 44. Kd3 Kxh4 45.
b4 Qe3+ 46. Kc4 Kg5 47. b5 h4 0-1

[Event "CYCC U14 w"]
[Site "Quebec CAN"]
[Date "2018.07.03"]
[Round "3.54"]
[White "Tan, Kylie"]
[Black "He, Emma"]
[Result "0-1"]
[WhiteElo "1631"]
[BlackElo "1906"]
[PlyCount "126"]
[EventDate "2018.07.02"]
[EventType "swiss"]
[EventRounds "7"]
[EventCountry "CAN"]

1. e4 e5 2. Nf3 Nc6 3. Bc4 Nf6 4. d3 Bc5 5. c3 O-O 6. O-O d6 7. h3 h6 8. Bb3 a6
9. Re1 Ba7 10. Nbd2 Be6 11. Bc2 Nh7 12. Nf1 Qf6 13. Be3 Ne7 14. d4 Ng6 15. Ng3
Nh4 16. Nxh4 Qxh4 17. Qf3 Qf6 18. Qxf6 Nxf6 19. a3 c5 20. dxe5 dxe5 21. Red1
Rfd8 22. Kh2 b6 23. f3 Kf8 24. Kg1 c4 25. Kf1 Nd7 26. Ne2 Ke7 27. Rab1 Nc5 28.
Bxc5+ bxc5 29. b3 cxb3 30. Bxb3 Rxd1+ 31. Bxd1 Rb8 32. Rxb8 Bxb8 33. a4 Kd6 34.
Ke1 c4 35. Ng3 g6 36. Nf1 Kc5 37. Ne3 h5 38. Bc2 Bc7 39. Kd2 Bd8 40. Ke2 Bg5
41. Kf2 Kb6 42. Bd1 Ka5 43. Be2 Bxe3+ 44. Kxe3 Kxa4 45. Kd2 h4 46. Kc2 Ka3 47.
Bd1 Bd7 48. Kb1 Ba4 49. Be2 Bb3 50. Bf1 Ka4 51. Be2 Kb5 52. Kc1 a5 53. Kb2 a4
54. Bf1 f5 55. Be2 Kc6 56. Ka3 Kd6 57. Kb4 fxe4 58. fxe4 Bc2 59. Bxc4 Bxe4 60.
Bf1 Bc6 61. c4 e4 62. Kc3 Ke5 63. Be2 e3 0-1

[Event "CYCC U14 w"]
[Site "Quebec CAN"]
[Date "2018.07.03"]
[Round "3.55"]
[White "Wang, Isabelle"]
[Black "Van, Anna"]
[Result "1-0"]
[WhiteElo "1547"]
[BlackElo "1655"]
[PlyCount "111"]
[EventDate "2018.07.02"]
[EventType "swiss"]
[EventRounds "7"]
[EventCountry "CAN"]

1. e4 c5 2. Nc3 Nc6 3. g3 g6 4. Bg2 Bg7 5. Nge2 e6 6. d3 Nge7 7. O-O O-O 8. Be3
b6 9. f4 d5 10. exd5 exd5 11. d4 c4 12. Kh1 Be6 13. Nb1 Re8 14. c3 Bg4 15. Bf3
Bxf3+ 16. Rxf3 Nf5 17. Bd2 Qe7 18. Ng1 Qe4 19. Nh3 h6 20. Nf2 Qe6 21. Na3 a6
22. g4 Nd6 23. Re3 Qf6 24. Qf3 Rxe3 25. Bxe3 Qe6 26. Re1 Ne4 27. Nxc4 dxc4 28.
Qxe4 Re8 29. Qxe6 Rxe6 30. d5 Rd6 31. dxc6 Rxc6 32. Bd4 Rd6 33. Rd1 Kh7 34.
Bxg7 Rxd1+ 35. Nxd1 Kxg7 36. Ne3 b5 37. Nd5 a5 38. Nc7 b4 39. Nd5 Kf8 40. cxb4
axb4 41. Nxb4 Ke7 42. a4 Kd6 43. a5 Kc5 44. a6 Kb6 45. Kg2 f6 46. f5 g5 47. Kg3
Kc7 48. Kf3 Kb8 49. Ke4 Kc7 50. Kd4 Kb6 51. Kxc4 Ka7 52. Kb5 Ka8 53. Kb6 Kb8
54. a7+ Ka8 55. Nd5 h5 56. Nc7# 1-0

[Event "CYCC U14 w"]
[Site "Quebec CAN"]
[Date "2018.07.03"]
[Round "3.56"]
[White "Guo, Hazel"]
[Black "Farkas, Jezzel"]
[Result "1-0"]
[WhiteElo "1462"]
[BlackElo "1473"]
[PlyCount "87"]
[EventDate "2018.07.02"]
[EventType "swiss"]
[EventRounds "7"]
[EventCountry "CAN"]

1. e4 d5 2. exd5 Qxd5 3. Nc3 Qd6 4. Nf3 Nf6 5. d4 a6 6. Bc4 Nc6 7. h3 b5 8. Bb3
Bb7 9. Ne2 Na5 10. Bf4 Qb6 11. Ng3 Nxb3 12. axb3 e6 13. c3 Bd6 14. Bxd6 Qxd6
15. O-O O-O 16. Re1 Rad8 17. Qe2 c5 18. dxc5 Qxc5 19. Nd4 Qd5 20. Qf1 e5 21.
Ndf5 Rfe8 22. Rad1 Qc5 23. b4 Qc7 24. Rxd8 Rxd8 25. Qe2 e4 26. Qe3 Bc8 27. Qg5
Bxf5 28. Nxf5 Ne8 29. Qe7 Qxe7 30. Nxe7+ Kf8 31. Rxe4 Nf6 32. Re3 Rd2 33. b3
Rb2 34. Nc6 Rxb3 35. Rd3 Rb1+ 36. Kh2 g6 37. Nb8 Rb3 38. Nxa6 Ne4 39. Nc5 Nxc5
40. bxc5 b4 41. c6 bxc3 42. c7 c2 43. c8=Q+ Kg7 44. Rxb3 1-0

[Event "CYCC U14 w"]
[Site "Quebec CAN"]
[Date "2018.07.03"]
[Round "3.57"]
[White "Lin, Alle"]
[Black "Shan, Lyvia"]
[Result "1-0"]
[WhiteElo "1420"]
[BlackElo "814"]
[PlyCount "65"]
[EventDate "2018.07.02"]
[EventType "swiss"]
[EventRounds "7"]
[EventCountry "CAN"]

1. d4 d5 2. c4 e6 3. Nf3 Nc6 4. Bf4 Nf6 5. Nc3 Bb4 6. e3 O-O 7. Bd3 b6 8. Rc1
Bd6 9. Bxd6 Qxd6 10. O-O a6 11. a3 e5 12. cxd5 Nxd5 13. Be4 Be6 14. dxe5 Nxc3
15. Rxc3 Qxd1 16. Rxd1 Rfd8 17. Rdc1 Na5 18. Bxa8 Rxa8 19. Rxc7 Rd8 20. h3 Nb3
21. R1c3 h6 22. Ra7 Nc5 23. b4 Na4 24. Rc1 Bc8 25. Ra8 Kf8 26. Raxc8 Rxc8 27.
Rxc8+ Ke7 28. Rc7+ Ke6 29. Nd4+ Kd5 30. Rxf7 g5 31. e6 Kd6 32. e7 Kd7 33. Nf5
1-0

[Event "CYCC U14 w"]
[Site "Quebec CAN"]
[Date "2018.07.03"]
[Round "3.59"]
[White "Boucher, Myriam"]
[Black "Chen, Annie"]
[Result "1-0"]
[WhiteElo "1114"]
[BlackElo "1047"]
[PlyCount "133"]
[EventDate "2018.07.02"]
[EventType "swiss"]
[EventRounds "7"]
[EventCountry "CAN"]

1. e4 c5 2. Nf3 Nc6 3. d4 e6 4. Bd3 Nf6 5. Nc3 cxd4 6. e5 Nb4 7. Nxd4 Nfd5 8.
Nxd5 Nxd5 9. O-O d6 10. Re1 Be7 11. c4 Nb4 12. Qa4+ Nc6 13. Nxc6 bxc6 14. Qxc6+
Bd7 15. Qb7 Qc8 16. Qf3 Bc6 17. Qg4 h5 18. Qxg7 Rf8 19. Qh7 h4 20. Bh6 Qb7 21.
Be4 O-O-O 22. Bxf8 Bxf8 23. Bxc6 Qxc6 24. Qxh4 Qb6 25. b3 Rd7 26. Qh8 Qd8 27.
Rad1 d5 28. cxd5 exd5 29. Rc1+ Kb7 30. Qf6 Bb4 31. Qc6+ Kb8 32. Qb5+ Qb6 33.
Qxb6+ axb6 34. Red1 d4 35. Rc4 Ba3 36. Rdxd4 Re7 37. Re4 Bb2 38. f4 Ba3 39. f5
Bc5+ 40. Kf1 Re8 41. e6 f6 42. b4 Be7 43. a4 Rd8 44. a5 Rd1+ 45. Re1 Rd5 46.
axb6 Rxf5+ 47. Kg1 Rb5 48. Rc7 Bd8 49. Rc4 Rxb6 50. e7 Bxe7 51. Rxe7 Ra6 52.
Rec7 Ra1+ 53. Kf2 Ra2+ 54. Kf3 Ra3+ 55. Kf4 Ra6 56. Rc8+ Kb7 57. R4c7+ Kb6 58.
Rc6+ Kb7 59. Rxa6 Kxc8 60. Ra7 Kb8 61. Rh7 Kc8 62. b5 Kb8 63. b6 Kc8 64. Kf5
Kb8 65. Ke6 Kc8 66. Kd6 Kb8 67. Rh8+ 1-0

[Event "CYCC U14 w"]
[Site "Quebec CAN"]
[Date "2018.07.03"]
[Round "4.54"]
[White "He, Emma"]
[Black "Wang, Isabelle"]
[Result "1/2-1/2"]
[WhiteElo "1906"]
[BlackElo "1547"]
[PlyCount "94"]
[EventDate "2018.07.02"]
[EventType "swiss"]
[EventRounds "7"]
[EventCountry "CAN"]

1. e4 e5 2. Nf3 Nc6 3. Bc4 Bc5 4. c3 Nf6 5. d3 O-O 6. O-O h6 7. Nbd2 d6 8. Re1
Re8 9. b4 Bb6 10. a4 a6 11. Qb3 Be6 12. Bxe6 fxe6 13. Nc4 Ba7 14. Bd2 Qd7 15.
b5 axb5 16. axb5 Ne7 17. Ra2 Ng4 18. d4 exd4 19. cxd4 Bb6 20. Nxb6 cxb6 21. h3
Nf6 22. Rxa8 Rxa8 23. e5 Nfd5 24. Re4 Nf5 25. Bf4 Nxf4 26. Rxf4 d5 27. Nd2 Ra5
28. g4 Ne7 29. Qc2 Rxb5 30. Rf3 Ra5 31. Qb3 b5 32. Qb4 b6 33. h4 Ra4 34. Qb2 b4
35. Nb3 Ra3 36. Qd2 Nc6 37. g5 hxg5 38. hxg5 Qe8 39. Qf4 Na5 40. Qg3 Rxb3 41.
Rxb3 Nxb3 42. Qxb3 Qh5 43. Qxb4 Qxg5+ 44. Kh2 Qd8 45. Kg3 Qc7 46. Kf3 Qc6 47.
Ke3 b5 1/2-1/2

[Event "CYCC U14 w"]
[Site "Quebec CAN"]
[Date "2018.07.03"]
[Round "4.55"]
[White "Wu, Ingrid"]
[Black "Tan, Kylie"]
[Result "1-0"]
[WhiteElo "1286"]
[BlackElo "1631"]
[PlyCount "139"]
[EventDate "2018.07.02"]
[EventType "swiss"]
[EventRounds "7"]
[EventCountry "CAN"]

1. e4 c5 2. Nf3 e6 3. d4 cxd4 4. Nxd4 Nc6 5. Nc3 Qc7 6. Be3 Nf6 7. f3 a6 8. Qd2
Bb4 9. a3 Be7 10. Be2 O-O 11. O-O d6 12. Rab1 Rd8 13. b4 d5 14. exd5 Nxd5 15.
Nxc6 Qxc6 16. Nxd5 Rxd5 17. Qc1 Rd8 18. c4 Bd7 19. Qc2 Rac8 20. Rfc1 Qc7 21. c5
Qe5 22. Qc3 Qxc3 23. Rxc3 Bf6 24. Rcc1 h6 25. Kf2 Bc6 26. Rd1 Kf8 27. g3 Ke8
28. Bf4 Rxd1 29. Bxd1 Bd4+ 30. Kf1 e5 31. Bd2 Rd8 32. Be2 Bxc5 33. Bxh6 gxh6
34. bxc5 Rd2 35. Rc1 Ke7 36. Ke1 Rb2 37. Rc3 Ba4 38. h4 Rc2 39. Rxc2 Bxc2 40.
Kd2 Ba4 41. Kc3 Kd7 42. Bc4 f6 43. Bd5 Kc7 44. g4 Bc6 45. Be4 Bxe4 46. fxe4 b6
47. cxb6+ Kxb6 48. Kb4 a5+ 49. Kc4 Kc6 50. a4 Kb6 51. Kd5 Ka6 52. Ke6 Kb6 53.
Kxf6 Kc5 54. Kxe5 Kb4 55. Kd4 Kxa4 56. e5 Kb3 57. e6 a4 58. e7 a3 59. e8=Q a2
60. Qe6+ Kb2 61. Qxa2+ Kxa2 62. g5 hxg5 63. hxg5 Kb3 64. g6 Kc2 65. g7 Kb3 66.
g8=Q+ Kb2 67. Qc4 Ka3 68. Qb5 Ka2 69. Kc3 Ka1 70. Qb2# 1-0

[Event "CYCC U14 w"]
[Site "Quebec CAN"]
[Date "2018.07.03"]
[Round "4.56"]
[White "Boucher, Myriam"]
[Black "Guo, Hazel"]
[Result "0-1"]
[WhiteElo "1114"]
[BlackElo "1462"]
[PlyCount "90"]
[EventDate "2018.07.02"]
[EventType "swiss"]
[EventRounds "7"]
[EventCountry "CAN"]

1. e4 c5 2. Nf3 d6 3. Nc3 e6 4. d4 cxd4 5. Nxd4 Nf6 6. Bg5 g6 7. Be2 Bg7 8. O-O
O-O 9. Ndb5 Qa5 10. Bxf6 Bxf6 11. Qxd6 a6 12. e5 Bg7 13. Nc7 Bxe5 14. Qe7 Qxc7
15. Qxc7 Bxc7 16. Rad1 Nc6 17. a3 Be5 18. Bf3 Nd4 19. Rfe1 Nxf3+ 20. gxf3 Bg7
21. Na4 b5 22. Nb6 Rb8 23. Nxc8 Rbxc8 24. c3 a5 25. Re2 Rc4 26. Rd3 b4 27. axb4
axb4 28. cxb4 Rxb4 29. b3 Rc8 30. Re1 h5 31. Kh1 Rc3 32. Rxc3 Bxc3 33. Rb1 Bd4
34. Kg2 Rb5 35. f4 Rc5 36. f3 h4 37. Kh3 Bf6 38. b4 Rb5 39. Rb3 Be7 40. Kg4
Rxb4 41. Rxb4 Bxb4 42. Kxh4 Kg7 43. Kg4 Bd6 44. h4 f5+ 45. Kg5 Be7# 0-1

[Event "CYCC U14 w"]
[Site "Quebec CAN"]
[Date "2018.07.03"]
[Round "4.57"]
[White "Farkas, Jezzel"]
[Black "Lin, Alle"]
[Result "0-1"]
[WhiteElo "1473"]
[BlackElo "1420"]
[PlyCount "112"]
[EventDate "2018.07.02"]
[EventType "swiss"]
[EventRounds "7"]
[EventCountry "CAN"]

1. d4 d5 2. c4 c6 3. Nf3 Nf6 4. e3 e6 5. Nbd2 Nbd7 6. Bd3 a6 7. b3 c5 8. Bb2
Be7 9. O-O b6 10. Qe2 Bb7 11. e4 dxe4 12. Nxe4 Bxe4 13. Bxe4 Nxe4 14. Qxe4 Nf6
15. Qc6+ Nd7 16. Ne5 Rb8 17. Nxd7 Qxd7 18. Qxd7+ Kxd7 19. dxc5 Bxc5 20. Bxg7
Rhg8 21. Be5 Rbc8 22. Rad1+ Ke7 23. Rd3 Rcd8 24. Rfd1 Rxd3 25. Rxd3 Rg5 26. Bg3
Rf5 27. h3 f6 28. Rd2 Bb4 29. Rd4 h5 30. Rf4 Re5 31. Bh4 Re1+ 32. Kh2 Bd6 33.
Bxf6+ Kd7 34. Bg5 Re2 35. Kg1 Bxf4 36. Bxf4 Rxa2 37. Be5 Re2 38. Bd4 Re1+ 39.
Kh2 Rb1 40. Bxb6 Rxb3 41. Ba5 Ra3 42. Bb6 a5 43. f3 a4 44. Bd4 Rd3 45. Be5 a3
46. Kg3 Rd2 47. f4 a2 48. c5 Rd5 49. Ba1 Rxc5 50. Kh4 Ke7 51. g3 Kf7 52. Be5
Rxe5 53. fxe5 a1=Q 54. Kxh5 Qxe5+ 55. Kg4 Qf5+ 56. Kh4 Kg6 0-1

[Event "CYCC U14 w"]
[Site "Quebec CAN"]
[Date "2018.07.03"]
[Round "4.58"]
[White "Van, Anna"]
[Black "Caron, Ashley"]
[Result "1-0"]
[WhiteElo "1655"]
[BlackElo "799"]
[PlyCount "47"]
[EventDate "2018.07.02"]
[EventType "swiss"]
[EventRounds "7"]
[EventCountry "CAN"]

1. e4 e5 2. Nf3 Nc6 3. Bc4 Nf6 4. d3 d5 5. exd5 Nxd5 6. c3 Be6 7. O-O Nf4 8.
Bxe6 Nxe6 9. Re1 f6 10. d4 Bd6 11. d5 e4 12. Rxe4 f5 13. Rxe6+ Ne7 14. Bg5 O-O
15. Nbd2 Nxd5 16. Bxd8 Raxd8 17. Qb3 Bf4 18. Rae1 Bxd2 19. Nxd2 Nf6 20. Rxf6+
Kh8 21. Rxf8+ Rxf8 22. Qf7 Rg8 23. Re8 h6 24. Qxg8# 1-0

[Event "CYCC U14 w"]
[Site "Quebec CAN"]
[Date "2018.07.04"]
[Round "5.54"]
[White "Wu, Ingrid"]
[Black "He, Emma"]
[Result "0-1"]
[WhiteElo "1286"]
[BlackElo "1906"]
[PlyCount "102"]
[EventDate "2018.07.02"]
[EventType "swiss"]
[EventRounds "7"]
[EventCountry "CAN"]

1. e4 e5 2. Nf3 Nc6 3. Bc4 Nf6 4. d3 Bc5 5. c3 O-O 6. O-O d6 7. Nbd2 a6 8. h3
Ba7 9. a3 Ne7 10. Re1 Ng6 11. Nf1 Nh5 12. Be3 Nhf4 13. Ng3 Qf6 14. d4 h5 15.
Bxf4 Nxf4 16. dxe5 dxe5 17. Bf1 Rd8 18. Qc2 Nxh3+ 19. gxh3 Qxf3 20. Nf5 Re8 21.
Bg2 Qf4 22. Ne3 Be6 23. Rad1 Rad8 24. Qe2 Bxe3 25. Qxe3 Qxe3 26. fxe3 Kf8 27.
Kf2 Ke7 28. Kg3 g5 29. Rf1 h4+ 30. Kh2 Rxd1 31. Rxd1 Rd8 32. Bf3 Rxd1 33. Bxd1
a5 34. b3 Kd6 35. b4 axb4 36. cxb4 c5 37. b5 c4 38. Bc2 Kc5 39. a4 c3 40. Kg2
Kb4 41. b6 Ka5 42. Bd1 Kxb6 43. Bc2 Ka5 44. Bd1 Kb4 45. Bc2 Bb3 46. Bd3 c2 47.
Bxc2 Bxc2 48. Kf3 Bd1+ 49. Kf2 Kxa4 50. Ke1 Bb3 51. Kd2 Be6 0-1

[Event "CYCC U14 w"]
[Site "Quebec CAN"]
[Date "2018.07.04"]
[Round "5.55"]
[White "Wang, Isabelle"]
[Black "Lin, Alle"]
[Result "1/2-1/2"]
[WhiteElo "1547"]
[BlackElo "1420"]
[PlyCount "106"]
[EventDate "2018.07.02"]
[EventType "swiss"]
[EventRounds "7"]
[EventCountry "CAN"]

1. e4 c6 2. d4 d5 3. exd5 cxd5 4. Bd3 Nf6 5. c3 Nc6 6. Bf4 e6 7. Nf3 Bd6 8.
Bxd6 Qxd6 9. O-O O-O 10. Re1 Re8 11. Ne5 Bd7 12. Nd2 Qc7 13. Ndf3 h6 14. h3 Re7
15. Nh2 Ne8 16. Qf3 Nxe5 17. dxe5 f6 18. Qg3 fxe5 19. Rxe5 Nf6 20. Rae1 Qb6 21.
b3 Rc8 22. c4 dxc4 23. Bxc4 Rc5 24. Rxc5 Qxc5 25. Qb8+ Ne8 26. Qxb7 Nd6 27. Qf3
Nxc4 28. bxc4 Qxc4 29. Qa3 Qh4 30. Nf3 Qf6 31. Qxa7 e5 32. Qe3 e4 33. Nd2 Bc6
34. f3 Qe6 35. a3 Qd6 36. Nxe4 Bxe4 37. fxe4 Re5 38. Qg3 Qd4+ 39. Qf2 Rxe4 40.
Rxe4 Qxe4 41. Qf3 Qe1+ 42. Kh2 Qe5+ 43. Qg3 Qa5 44. Qb3+ Kh7 45. Qb1+ Kg8 46.
Qb4 Qe5+ 47. Kg1 Qe3+ 48. Kf1 Qd3+ 49. Kf2 Qf5+ 50. Kg3 Qg5+ 51. Qg4 Qe3+ 52.
Qf3 Qe5+ 53. Kf2 Qc5+ 1/2-1/2

[Event "CYCC U14 w"]
[Site "Quebec CAN"]
[Date "2018.07.04"]
[Round "5.56"]
[White "Guo, Hazel"]
[Black "Shan, Lyvia"]
[Result "1-0"]
[WhiteElo "1462"]
[BlackElo "814"]
[PlyCount "37"]
[EventDate "2018.07.02"]
[EventType "swiss"]
[EventRounds "7"]
[EventCountry "CAN"]

1. e4 e5 2. Nf3 Nc6 3. d4 d6 4. Bb5 Bd7 5. O-O a6 6. Bxc6 Bxc6 7. dxe5 Bxe4 8.
exd6 Bxf3 9. Re1+ Kd7 10. Qxf3 Qf6 11. Qg4+ Kxd6 12. Bf4+ Kc6 13. Nc3 h5 14.
Qf3+ Kd7 15. Qxb7 Rc8 16. Rad1+ Bd6 17. Bxd6 Qxd6 18. Rxd6+ Kxd6 19. Qd5# 1-0